000 00364nam a2200157Ia 4500
003 0STCL
008 150530s9999 xx 000 0 und d
040 _aSTCL
_cSTCL
100 _aChopra, K.K.; Agrawal, G.C.
245 _aElectromagnetic theory
260 _bK.Nath
_c1985
546 _aEnglish
942 _2ddc
_cBK
999 _c27704
_d27704
005 20220125170114.0